000 01474cam a22003737a 4500
003 CHAP
005 20220817043838.0
008 020627d2001 mx d r 00110 spa d
010 _a85932
011 _a86904
020 _a9688847569
035 _a97444
040 _cCHAP
090 _aFolleto 16479
100 0 0 _aPalma Trujano, Adolfo.
245 1 0 _aReglamento y manual de presentación y aprobación del protocolo de investigación de tesis, estructura de la tesis y del examen profesional:
_bpropuesta sujeta a discusión
_c/por Adolfo Palma Trujano, Alejandro Sánchez Vélez y Luz María Rangel Olvera
260 _aChapingo, Méx. :
_bUACH. Departamento de Agroecología. Subdirección de Investigación,
_c2001
300 _a40 p. :
_bcuadros
590 _aBATCH-UPD
_b10
_c20130110
_lUCH01
_h1021
590 _aBATCH-UPD
_b10
_c20130410
_lUCH01
_h0627
590 _aBATCH-UPD
_b10
_c20130914
_lUCH01
_h1605
590 _aCONVERSION
_b10
_c20130109
_lUCH01
_h1348
650 1 4 _aExámenes.
_939050
650 1 4 _aManuales de procedimientos.
_970675
650 1 4 _aTesis.
_9112464
650 1 4 _aUniversidades
_xReglamentos.
_9116660
700 _aRangel Olvera, Luz María.
_994614
700 0 _aSánchez Vélez, Alejandro S.
_9107932
901 _aBK
905 _aMarco A. Mendoza T.
942 _cFOLL
949 _aFolleto 16479
_bBC
_cFOLL
_d974442
_eTS2
_fc.2
_gDonaciØn
_i97444
_sb
949 _aFolleto 16479
_bBC
_cUACH
_d33724002011025
_eUACH
_gDonaciØn
_i97444
_sb
999 _c85932
_d85932